Ahol nincs értékválság
Elmentve itt :
| Szerző: | |
|---|---|
| Adatforrás: | Meister |
| Forrásdokumentuma: | A Hét. - 49 sz., 1991, 5 p. |
| Nyelv: | magyar |
| Kulcsszavak: | művelődési élet színháztörténet kulturális intézmények színházak |
| LEADER | 00422nab a2200157 i 4500 | ||
|---|---|---|---|
| 001 | bibPRO00005198 | ||
| 008 | 060524s1991 xx hun | ||
| 040 | |a Sz1 | ||
| 041 | |a hun | ||
| 100 | 1 | |a KACSIR Mária | |
| 245 | 1 | 0 | |a Ahol nincs értékválság |c KACSIR Mária |
| 695 | |a művelődési élet | ||
| 695 | |a színháztörténet | ||
| 695 | |a kulturális intézmények | ||
| 695 | |a színházak | ||
| 773 | 0 | |t A Hét. - |g 49 sz., 1991, 5 p. | |